Public administration. (Record no. 964)

MARC details
000 -LEADER
fixed length control field 00524cam a2200205ua 4500
001 - CONTROL NUMBER
control field 1047
005 - DATE AND TIME OF LATEST TRANSACTION
control field 20260515113252.0
008 - FIXED-LENGTH DATA ELEMENTS--GENERAL INFORMATION
fixed length control field 110427n ii |||gr||||Z||||||eng
040 ## - CATALOGING SOURCE
Transcribing agency MAIN
082 ## - DEWEY DECIMAL CLASSIFICATION NUMBER
Classification number 351
245 1# - TITLE STATEMENT
Title Public administration.
Statement of responsibility, etc. By Amreswar Avasthi.
250 ## - EDITION STATEMENT
Edition statement 2nd.
260 ## - PUBLICATION, DISTRIBUTION, ETC.
Place of publication, distribution, etc. Agra.:
Name of publisher, distributor, etc. Lakshmi Narayan prakashan.,996.
300 ## - PHYSICAL DESCRIPTION
Extent 596 p.:
Dimensions 20 cm.
653 ## - INDEX TERM--UNCONTROLLED
Uncontrolled term Political science.
653 ## - INDEX TERM--UNCONTROLLED
Uncontrolled term Public administration.
700 1# - ADDED ENTRY--PERSONAL NAME
Personal name Avasthi, Amreswar.,
700 1# - ADDED ENTRY--PERSONAL NAME
Personal name Maheswari, Sriram.,
942 ## - ADDED ENTRY ELEMENTS (KOHA)
Koha item type Books
Holdings
Withdrawn status Lost status Damaged status Not for loan Home library Current library Shelving location Date acquired Total checkouts Full call number Barcode Date last seen Copy number Price effective from Koha item type
        Naharkatiya College Library Naharkatiya College Library General stacks 09/19/2020   351 | AVA 738 09/19/2020 1 09/19/2020 Books